000 01064nam a2200349 a 4500
001 6882
003 FISKH
005 20250604113759.0
008 971006s1997 nyuab b 000 0 eng d
010 _a 97227196
020 _a0590067400
020 _a9780590067409
040 _aWGr
_cWGr
_dCoD
_dDLC
_beng
050 _aPZ7
082 _a599.78
100 1 _aKratt, Martin.
245 1 0 _aWhere're the bears? /
_cby Martin Kratt and Chris Kratt.
260 _aNew York :
_bScholastic,
_c1997.
300 _a32 pages :
_bcolor illustrations ; color maps ;
_c21 cm
440 0 _aKratts' creatures
500 _a"Based on the hit PBS TV show!"--Cover.
505 _aR
520 _aThe Kratts look at bears all over the world and try to figure out why there are no bears in Africa.
521 8 _a690
_bLexile
521 8 _aR
_bRaz-Plus
650 0 _aBears
_xJuvenile literature.
650 1 _aBears.
700 1 _aKratt, Chris.
_eAuthor
906 _a7
_bcbc
_ccopycat
_d3
_encip
_f19
_gy-gencatlg
942 _2ddc
_cBK
_n0
999 _c6882
_d6882